LEADER 04736nam 22007094a 450 001 9910454761103321 005 20210827025326.0 010 $a1-282-75387-8 010 $a9786612753879 010 $a1-4008-2331-5 010 $a1-4008-1387-5 024 7 $a10.1515/9781400823314 035 $a(CKB)111056486499248 035 $a(EBL)581670 035 $a(OCoLC)700688717 035 $a(SSID)ssj0000439385 035 $a(PQKBManifestationID)11312612 035 $a(PQKBTitleCode)TC0000439385 035 $a(PQKBWorkID)10461140 035 $a(PQKB)10570530 035 $a(MiAaPQ)EBC581670 035 $a(OCoLC)51321336 035 $a(MdBmJHUP)muse36097 035 $a(DE-B1597)446224 035 $a(OCoLC)979628862 035 $a(DE-B1597)9781400823314 035 $a(Au-PeEL)EBL581670 035 $a(CaPaEBR)ebr10035855 035 $a(CaONFJC)MIL275387 035 $a(EXLCZ)99111056486499248 100 $a19990329d2000 uy 0 101 0 $aeng 135 $aurnn#---|u||u 181 $ctxt 182 $cc 183 $acr 200 14$aThe market approach to education$b[electronic resource] $ean analysis of America's first voucher program /$fJohn F. Witte 205 $aCore Textbook 210 $aPrinceton, N.J. $cPrinceton University Press$dc2000 215 $a1 online resource (238 p.) 300 $aDescription based upon print version of record. 311 0 $a0-691-08983-3 311 0 $a0-691-00944-9 320 $aIncludes bibliographical references (p. [211]-218) and index. 327 $tFront matter --$tContents --$tList of Figures --$tList of Tables --$tPreface --$tAcknowledgments --$t1. Introduction --$t2. The Enduring Controversy over Educational Choice --$t3. Educational Choice and the Milwaukee Voucher Program --$t4. Who Participates in Choice Programs? --$t5. The Milwaukee Choice Schools --$t6. Outcomes of the Milwaukee Voucher Program --$t7. The Politics of Vouchers --$t8. Conclusions and Implications --$tReferences --$tIndex 330 $aMilwaukee, one of the nation's most segregated metropolitan areas, implemented in 1990 a school choice program aimed at improving the education of inner-city children by enabling them to attend a selection of private schools. The results of this experiment, however, have been overshadowed by the explosion of emotional debate it provoked nationwide. In this book, John Witte provides a broad yet detailed framework for understanding the Milwaukee experiment and its implications for the market approach to American education. In a society supposedly devoted to equality of opportunity, the concept of school choice or voucher programs raises deep issues about liberty versus equality, government versus market, and about our commitment to free and universal education. Witte brings a balanced perspective to the picture by demonstrating why it is wrongheaded to be pro- or anti-school choice in the abstract. He explains why the voucher program seems to be working in the specific case of Milwaukee, but warns that such programs would not necessarily promote equal education--and most likely harm the poor--if applied universally, across the socioeconomic spectrum. The book begins with a theoretical discussion of the provision of education in America. It goes on to situate the issue of school choice historically and politically, to describe the program and private schools in Milwaukee, and to provide statistical analyses of the outcomes for children and their parents in the experiment. Witte concludes with some persuasive arguments about the importance of specifying the structural details of any choice program and with a call supporting vouchers for poor inner-city children, but not a universal program for all private schools. Voucher programs continue to be the most controversial approach to educational reform. The Market Approach to Education provides a thorough review of where the choice debate stands through 1998. It not only includes the "Milwaukee story" but also provides an analysis of the role, history, and politics of court decisions in this most important First Amendment area. 606 $aEducational vouchers$zWisconsin$zMilwaukee$vCase studies 606 $aSchool choice$zWisconsin$zMilwaukee$vCase studies 606 $aEducation, Urban$zWisconsin$zMilwaukee$vCase studies 608 $aElectronic books. 615 0$aEducational vouchers 615 0$aSchool choice 615 0$aEducation, Urban 676 $a379.1/11 700 $aWitte$b John F$01026354 801 0$bMiAaPQ 801 1$bMiAaPQ 801 2$bMiAaPQ 906 $aBOOK 912 $a9910454761103321 996 $aThe market approach to education$92441228 997 $aUNINA LEADER 10134 am 22006613u 450 001 996210008703316 005 20230721044719.0 010 $a9783205783176$b(ebook) 035 $a(CKB)2670000000334363 035 $a(MH)011992625-3 035 $a(SSID)ssj0000986174 035 $a(PQKBManifestationID)11532838 035 $a(PQKBTitleCode)TC0000986174 035 $a(PQKBWorkID)10937125 035 $a(PQKB)11092365 035 $a(WaSeSS)Ind00074899 035 $a(EXLCZ)992670000000334363 100 $a20090811d2009 uy 0 101 0 $ager 135 $aur||||||||||| 181 $ctxt$2rdacontent 182 $cc$2rdamedia 183 $acr$2rdacarrier 200 00$aWien und die jüdische Erfahrung, 1900-1938 $eAkkulturation, Antisemitismus, Zionismus /$fFrank Stern, Barbara Eichinger (Hg.) 210 1$aWien :$cBöhlau Verlag,$dc2009. 215 $a1 online resource (xxv, 529 pages) $cillustrations; digital, PDF file(s) 300 $aBibliographic Level Mode of Issuance: Monograph 320 $aIncludes bibliographical references and index. 330 $aThe growing integration and participation of the Jewish population in politics, society, culture arts and religion shaped these spheres in Vienna during the time of the First Republic. Social dynamics of the young democracy, interplay of the different Jewish milieus, immigration from Eastern and Southeastern Europe as well as the growing cultural links with Berlin, Budapest, Paris and Prague made Austrian-Jewish culture in all areas of the development of the city of Vienna highly influential. Antidemocratic tendencies, especially antisemitism, influenced both the discourses on current events and inner-Jewish debates such as the role of Jewish religion, acculturation and Zionism. The publication "Wien und die jüdische Erfahrung 1900 - 1938. Akkulturation - Antisemitismus, Zionismus" initiated by Univ.-Prof. Frank Stern and Mag. Barbara Eichinger from the Institute for Contemporary History, University of Vienna, shows the state of the art of research on this subject. The publications focus placed on the current interdisciplinary inclusion of Austrian-Jewish cultural history. The volume of approx. 400 pages presents up-to-date research papers by the contributors as well as an academic discourse among the authors. In order to make this discourse possible, the editors organised a four day international conference in March 2007, where academics presented their research in themed panels and discussed them in an interdisciplinary framework with other experts. The contributions to this volume present this research takting into consideration the discussions among the colleagues at the conference. Those authors who did not participate in the conference and are partly working at American universities (a.o. Harriet Pass Freidenreich, Sander Gilman) provide an insight into current US American research on the subject. The contributions in German and English by 29 authors are organized into the following subject areas: "Society and politics between acculturation and tradition" (Steven Beller, Eleonore Lappin, Klaus Hödl, Albert Lichtblau), "Music between concert hall and film: Viennese composers of Jewish descent" (Peter Dusek, Karin Wagner), "Zionism in Vienna: between coffee house, cultural and political movement" (Dieter Hecht, Armin Eidherr, Hanno Loewy), "Cultural transfer between Vienna and Palestine/Israel" (Klaus Davidowicz, Sandra Goldstein), "Viennese Jewish milieus 1900 - 1938" (Evelyn Adunka, Peter Landesmann, Marcus G. Patka, Karin Stögner), "Women´s movements in Vienna"(Harriet Pass Freidenreich, Elisabeth Malleier, Michaela Raggam-Blesch), "Identity crises and antisemitism" (Gabriele Anderl, Elisabeth Brainin and Samy Teicher, Sander Gilman, Siegfried Mattl, Michael Laurence Miller), "Literature and theater in interwar Vienna" (Brigitte Dallinger, Werner Hanak, Birgit Peter), "The Road into the open on stage and screen (Wolfgang Müller-Funk, Murray G. Hall, Bettina Riedmann). The authors come from research centres in Belgium, Germany, Israel, the USA and Hungary as well as all current research centres on Jewish history in Austria (a.o. Institute for Jewish Studies, Vienna; Institute for History, Salzburg; Center for Jewish Cultural History, Salzburg; Institutte for the History of the Jews in Austria, St. Pölten; Center for Jewish Studies, Graz; Institute of Contemporary History, Vienna; University of Performing Arts, Vienna; Institut for German Studies, Vienna; Institut for Theater, Film and Media Studies, Vienna; Jewish Museum of the City of Vienna). The volume will be published in the anniversary year 2008 with a preface by the rector of the University of Vienna, Univ.-Prof. Dr. Georg Winckler. 330 $aPolitik, Gesellschaft, Kultur, Kunst und Religion sind im Wien der Ersten Republik durch eine immense Zunahme der Integration und Partizipation der jüdischen Bevölkerung charakterisiert. Die innergesellschaftliche Dynamik der jungen Demokratie und die Wechselwirkung der verschiedenen jüdischen Milieus, die Zuwanderungen aus Ost- und Südosteuropa sowie die wachsende kulturelle Vernetzung mit Berlin, Budapest, Paris und Prag führten zu einflussreichen Ausprägungen der österreichisch-jüdischen Kultur in allen Bereichen der Entwicklung der Stadt Wien. Antidemokratische Tendenzen, insbesondere der Antisemitismus, beeinflussen sowohl die tagespolitische als auch die innerjüdischen Diskurse, etwa über die Rolle der jüdischen Religion, der Akkulturation und des Zionismus. Die Publikation "Wien und die jüdische Erfahrung 1900 - 1938. Akkulturation, Antisemitismus, Zionismus", initiiert von Univ.-Prof. Dr. Frank Stern und Mag. Barbara Eichinger am Institut für Zeitgeschichte, Universität Wien, zeigt den State-of-the-Art der Forschung zu diesem Thema. Wobei der Fokus auf der aktuellen interdisziplinären Einbeziehung österreichisch-jüdischer Kulturgeschichte liegt. Der ca. 400 Seiten umfassende Band präsentiert neben momentanen Forschungsarbeiten der Beitragenden einen gemeinsamen wissenschaftlichen Diskurs der AutorInnen untereinander. Um diesen zu ermöglichen, organisierten die HerausgeberInnen im März 2007 eine viertägige internationale Konferenz, auf der geladene WissenschafterInnen ihre Forschungsarbeiten in themenspezifischen Panels anderen ExpertInnen zur interdisziplinären Diskussion stellten. Die Präsentation ihrer fortgeschrittenen Forschungsarbeit unter Berücksichtigung der Diskussionen unter KollegInnen während der Konferenz in die Beiträge des vorliegenden Bandes integriert worden. Jene AutorInnen, die nicht an der Konferenz teilgenommen hatten und teilweise an amerikanischen Universitäten tätig sind (u.a. Harriet Pass-Freidenreich, Sander Gilman), zeigen mit ihren Essays ein Bild der gegenwärtigen US-amerikanischen Forschung zum Thema. Die in deutscher und englischer Sprache verfassten Beiträge der 30 AutorInnen finden sich in folgenden Themengebieten wieder: "Gesellschaft und Politik zwischen Akkulturation und Tradition" (Steven Beller, Eleonore Lappin, Klaus Hödl, Albert Lichtblau), "Musik zwischen Konzertsaal und Film: Wiener Komponisten jüdischer Herkunft (Peter Dusek, Karin Wagner), "Zionismus in Wien: Zwischen Kaffeehaus, kultureller und politischer Bewegung" (Dieter Hecht, Armin Eidherr, Hanno Loewy), "Kulturtransfer zwischen Wien und Palästina/Israel" (Klaus Davidowicz, Sandra Goldstein), "Wiener jüdische Milieus 1900 - 1938" (Evelyn Adunka, Peter Landesmann, Marcus G. Patka, Karin Stögner), "Frauenbewegungen in Wien" (Harriet Pass-Freidenreich, Elisabeth Malleier, Michaela Raggam-Blesch), "Identitätskrisen und Antisemitismus" (Gabriele Anderl, Elisabeth Brainin und Samy Teicher, Sander Gilman, Siegfried Mattl, Michael Laurence Miller), "Literatur und Theater im Wien der Zwischenkriegszeit" (Brigitte Dalinger, Werner Hanak, Birgit Peter), "Der Weg ins Freie auf Bühne und Leinwand" (Wolfgang Müller-Funk, Murray G. Hall, Bettina Riedmann). Mit den AutorInnen sind neben Forschungsstätten in Belgien, Deutschland, Israel den USA und Ungarn alle gegenwärtigen Forschungsstätten zur jüdischen Geschichte in Österreich (u.a. Institut für Judaistik Wien; Institut für Geschichte Salzburg; Zentrum für Jüdische Kulturgeschichte Salzburg; Institut für Geschichte der Juden in Österreich, St. Pölten; Zentrum für jüdische Studien, Graz; Institut für Zeitgeschichte Wien; Universität für darstellende Kunst Wien; Institut für Germanistik Wien; Institut für Theater-, Film- und Medienwissenschaft Wien; Jüdisches Museum der Stadt Wien) vertreten. Der Band soll mit einem Vorwort des Rektors der Universität Wien, Univ.-Prof. Dr. Georg Winckler, im Gedenkjahr 2008 erscheinen. 606 $aAntisemitism$zAustria$zVienna 606 $aZionism$zAustria$zVienna 606 $aJews$zAustria$zVienna$xHistory$y20th century 606 $aJews$zAustria$zVienna$xIntellectual life$y20th century 606 $aJews$zAustria$zVienna$xSocial conditions$y20th century 606 $aRegions & Countries - Asia & the Middle East$2HILCC 606 $aHistory & Archaeology$2HILCC 606 $aMiddle East$2HILCC 607 $aVienna (Austria)$xCivilization$y20th century 615 0$aAntisemitism 615 0$aZionism 615 0$aJews$xHistory 615 0$aJews$xIntellectual life 615 0$aJews$xSocial conditions 615 7$aRegions & Countries - Asia & the Middle East 615 7$aHistory & Archaeology 615 7$aMiddle East 676 $a943.613004924 701 $aStern$b Frank$f1944-$0900907 701 $aEichinger$b Barbara$0900908 801 0$bNyNyMAR 801 1$bNyNyMAR 801 2$bUkMaJRU 906 $aBOOK 912 $a996210008703316 996 $aWien und die jüdische Erfahrung, 1900-1938$92013624 997 $aUNISA 999 $aThis Record contains information from the Harvard Library Bibliographic Dataset, which is provided by the Harvard Library under its Bibliographic Dataset Use Terms and includes data made available by, among others the Library of Congress LEADER 02323nam 2200397 450 001 996279862203316 005 20231208073816.0 010 $a0-7381-1175-9 024 7 $a10.1109/IEEESTD.1988.8957719 035 $a(CKB)3780000000092113 035 $a(NjHacI)993780000000092113 035 $a(EXLCZ)993780000000092113 100 $a20231208d1987 uy 0 101 0 $aeng 135 $aur||||||||||| 181 $ctxt$2rdacontent 182 $cc$2rdamedia 183 $acr$2rdacarrier 200 10$aANSI/IEEE Std 1014-1987 $eIEEE Standard for a Versatile Backplane Bus: VMEbus /$fInstitute of Electrical and Electronics Engineers 210 1$aNew York, NY, USA :$cIEEE,$d1987. 215 $a1 online resource (320 pages) 330 $aThis IEEE 1014 standard specifies a high-performance backplane bus for use in microcomputer systems that employ single or multiple microprocessors is specified. It is based on the VMEbus specification, released by the VME Manufacturers' Group in August of 1982. The bus includes four subbuses: data transfer bus, priority interrupt bus, arbitration bus, and utility bus. The data transfer bus supports 8-, 16-, and 32-bit transfers over a non-multiplexed 32-bit data and address highway. The transfer protocols are asynchronous and fully handshaken. The priority interrupt bus provides real-time interrupt services to the system. The allocation of bus mastership is performed by the arbitration bus, which allows to implement round robin and prioritized arbitration algorithms. The utility bus provides the system with power-up and power-down synchronization. The mechanical specifications of boards, backplanes, subracks, and enclosures are based on IEC 297 specification, also know as the Euroboard form factor. 517 $a1014-1987 - IEEE Standard for a Versatile Backplane Bus 517 $aANSI/IEEE Std 1014-1987: IEEE Standard for a Versatile Backplane Bus: VMEbus 517 $aIEEE Standard for a Versatile Backplane Bus 606 $aMotherboards (Microcomputers) 606 $aMicrocomputers$xBuses 615 0$aMotherboards (Microcomputers) 615 0$aMicrocomputers$xBuses. 676 $a621.381953 801 0$bNjHacI 801 1$bNjHacl 906 $aDOCUMENT 912 $a996279862203316 996 $aANSI$92072434 997 $aUNISA